000
00204 a2200097 4500
020
_a
9789871208760
041
_a
spa
100
_a
Peschke, Marci
245
_a
Kylie Jean, reina del campamento
942
_c
BK
999
_c
29638
_d
29636